000 00311nam a22001337a 4500
008 171123b xxu||||| |||| 00| 0 eng d
020 _a9780133750805
041 _aeng
080 _22ND
_a62
100 _a27
101 _aMEK
245 _aFOUNDATIONS OF ELETRICAL ENGINEERING
_cCOGDELL,J,R
942 _2udc
_cBK
999 _c38355
_d38355